[Event "HCL-B218"]
[Site "www.playchess.de"]
[Date "2001.04.06"]
[Round "9"]
[White "gandalf"]
[Black "sonnygarcia"]
[WhiteElo "1200"]
[BlackElo "1145"]
[PlyCount "52"]
[Result "0-1"]

1.d4 e6 2.c4 b6 3.Nc3 Bb4 4.Bd2 Bb7 5.e3 c5 6.a3 
Bxc3 7.Bxc3 d5 8.Nf3 dxc4 9.Bxc4 Nf6 10.O-O O-O 
11.Re1 Nbd7 12.h3 Ne4 13.Qc2 Nxc3 14.bxc3 Bxf3 
15.gxf3 Qg5+ 16.Kh2 Nf6 17.Reg1 Qh5 18.Be2 Rac8 
19.f4 Qd5 20.e4 Nxe4 21.Bf3 f5 22.Rae1 cxd4 
23.Red1 Rxc3 24.Qa4 Rxf3 25.Rxd4 Rxf2+ 26.Rg2 
Rxg2+ 0-1

[Event "HCL-C216"]
[Site "www.playchess.de"]
[Date "2001.04.06"]
[Round "8"]
[White "tiberiuskirk"]
[Black "Coney"]
[WhiteElo "1085"]
[BlackElo "1104"]
[PlyCount "74"]
[Result "0-1"]

1.e4 e5 2.Nf3 Nc6 3.Bb5 a6 4.Ba4 Nf6 5.Bxc6 dxc6 
6.d3 Bc5 7.O-O Ng4 8.h3 Bxf2+ 9.Rxf2 Nxf2 10.Kxf2 
Be6 11.Be3 O-O 12.Nxe5 Qh4+ 13.Kg1 Bxh3 14.Nf3 Qg3 
15.Qd2 Bg4 16.Qf2 Qxf2+ 17.Kxf2 Bxf3 18.gxf3 f5 
19.Nc3 fxe4 20.dxe4 Rae8 21.Na4 Rxe4 22.Nc3 Re6 
23.Rd1 Rfe8 24.Ne4 b6 25.Rd7 R6e7 26.Rxe7 Rxe7 
27.c3 Kf7 28.b4 h5 29.Bg5 Rd7 30.a4 Kg6 31.f4 Kf5 
32.Ng3+ Kg4 33.Ne2 h4 34.Nd4 h3 35.a5 c5 36.bxc5 
bxc5 37.Ne2 Rd2 0-1

[Event "HCL-A098"]
[Site "www.playchess.de"]
[Date "2001.04.06"]
[Round "24"]
[White "chessnut"]
[Black "Goldhair"]
[WhiteElo "2068"]
[BlackElo "1539"]
[PlyCount "27"]
[Result "1-0"]

1.d4 d5 2.e4 dxe4 3.Nc3 Nf6 4.f3 exf3 5.Nxf3 Bf5 
6.Ne5 Nbd7 7.Qf3 Bxc2 8.Qxb7 Qb8 9.Qc6 Bg6 10.Bg5 
Kd8 11.Ba6 Nxe5 12.dxe5 Nd7 13.O-O-O Bf5 
14.Rxd7+ 1-0

[Event "HCL-B212"]
[Site "www.playchess.de"]
[Date "2001.04.06"]
[Round "16"]
[White "ulibear"]
[Black "serpens"]
[WhiteElo "1136"]
[BlackElo "1297"]
[PlyCount "47"]
[Result "1-0"]

1.d4 e6 2.c4 b6 3.Nf3 Bb7 4.a3 f5 5.Nc3 Nf6 6.e3 
{no country - no home?}  c5 {I choose to remain 
anonymous.}  7.d5 {o.k.}  exd5 8.cxd5 Bd6 9.Bc4 
Ba6 10.Nb5 Ne4 11.Nxd6+ Nxd6 12.Bxa6 Nxa6 13.O-O 
O-O 14.Qd3 Nc7 15.b4 cxb4 16.axb4 Ne4 17.Bb2 Qe7 
18.b5 Qc5 19.Ba3 Qxb5 20.Qxb5 Nxb5 21.Bxf8 Rxf8 
22.Rfb1 Nec3 23.Rb3 f4 24.Nd4 1-0

[Event "HCL-B222"]
[Site "www.playchess.de"]
[Date "2001.04.06"]
[Round "8"]
[White "prahal"]
[Black "player27"]
[WhiteElo "1200"]
[BlackElo "1406"]
[PlyCount "54"]
[Result "0-1"]

1.e4 {hi,}  e6 {hello *handshake* good luck}  2.d4 
{same to you}  d5 3.Nd2 Nf6 4.e5 Nfd7 5.Ngf3 c5 
6.c3 Nc6 7.Bd3 Qb6 8.O-O cxd4 9.cxd4 Nxd4 10.Nxd4 
Qxd4 11.Nf3 Qb6 12.a3 Be7 13.b4 f6 14.Bb2 O-O 
15.Qc2 f5 16.Kh1 Qd8 17.g4 fxg4 18.Bxh7+ Kh8 
19.Rfg1 Rxf3 20.Rxg4 Rh3 21.Bd3 Nxe5 22.Bxe5 Bf6 
23.Bxf6 Qxf6 24.Rag1 e5 25.R4xg7 Rxh2+ 26.Kxh2 
Qh4+ 27.Kg2 Qh3+ 0-1

[Event "HCL-C218"]
[Site "www.playchess.de"]
[Date "2001.04.06"]
[Round "19"]
[White "jayr015"]
[Black "surak"]
[WhiteElo "963"]
[BlackElo "1180"]
[PlyCount "21"]
[Result "1-0"]

1.e4 {Good Luck!}  e6 2.d4 d5 3.e5 c5 4.Nf3 cxd4 
5.Nxd4 Bd7 6.f4 Nc6 7.Be3 Qb6 8.b3 Bc5 9.Nb5 Bxe3 
10.N1c3 Bf2+ 11.Kd2 1-0

[Event "HCL-C218"]
[Site "www.playchess.de"]
[Date "2001.04.06"]
[Round "21"]
[White "TAX"]
[Black "surak"]
[WhiteElo "1000"]
[BlackElo "1180"]
[PlyCount "25"]
[Result "1-0"]

1.e4 e6 2.Nf3 d5 3.e5 c5 4.Bb5+ Bd7 5.Bxd7+ Nxd7 
6.O-O Ne7 7.d3 Ng6 8.Nc3 Ndxe5 9.Nxe5 Nxe5 10.Nb5 
Be7 11.Bf4 Ng6 12.Nc7+ Kf8 13.Nxa8 1-0

[Event "HCL-B219"]
[Site "www.playchess.de"]
[Date "2001.04.06"]
[Round "2"]
[White "CALZON-FIESTERO"]
[Black "CHARON"]
[WhiteElo "1500"]
[BlackElo "1527"]
[PlyCount "24"]
[Result "0-1"]

1.e4 e5 2.Nf3 Nc6 3.Bc4 Bc5 4.d3 Nf6 5.Ng5 O-O 
6.Nc3 Nd4 7.Nf3 d6 8.Nxd4 Bxd4 9.Nb5 Bb6 10.Bg5 c6 
11.Nc3 Bd4 12.Qf3 b5 0-1

[Event "HCL-C213"]
[Site "www.playchess.de"]
[Date "2001.04.06"]
[Round "7"]
[White "lienk"]
[Black "arsenic"]
[WhiteElo "1070"]
[BlackElo "1225"]
[PlyCount "49"]
[Result "1-0"]

1.e4 e6 2.Nf3 d5 3.e5 c5 4.a3 Nc6 5.Bb5 Bd7 6.c3 
a6 7.Ba4 b5 8.Bc2 Nge7 9.d4 c4 10.b3 Na5 11.b4 
Nac6 12.Bg5 Qc7 13.a4 Qb7 14.a5 Nf5 15.Nbd2 Be7 
16.Bf4 O-O 17.Ng5 Bxg5 18.Bxg5 Nce7 19.g4 h6 
20.gxf5 Nxf5 21.Bf6 Kh8 22.Bg5 hxg5 23.Qh5+ Nh6 
24.O-O-O Be8 25.Qxg5 1-0

[Event "HCL-C213"]
[Site "www.playchess.de"]
[Date "2001.04.06"]
[Round "11"]
[White "arsenic"]
[Black "kazan"]
[WhiteElo "1225"]
[BlackElo "1000"]
[PlyCount "42"]
[Result "0-1"]

1.e4 c6 2.d4 d5 3.e5 Bf5 4.h4 h6 5.c4 e6 6.Nc3 Nd7 
7.cxd5 cxd5 8.Bb5 a6 9.Bxd7+ Qxd7 10.Qa4 b5 11.Qd1 
Ne7 12.Nf3 Nc6 13.a3 Be7 14.O-O Qd8 15.Ne2 Bxh4 
16.Nxh4 Qxh4 17.Ng3 Nxd4 18.Be3 Nc2 19.Rc1 Nxe3 
20.fxe3 Qxg3 21.Rf3 Qg5 0-1

[Event "HCL-C213"]
[Site "www.playchess.de"]
[Date "2001.04.06"]
[Round "16"]
[White "fossa"]
[Black "arsenic"]
[WhiteElo "837"]
[BlackElo "1225"]
[PlyCount "37"]
[Result "1-0"]

1.e4 e6 2.d4 d5 3.Nc3 Bb4 4.Qf3 dxe4 5.Qxe4 Bxc3+ 
6.bxc3 Nf6 7.Qf3 Qd5 8.Bd3 Qxf3 9.Nxf3 b6 10.Ba3 
Bb7 11.O-O Bxf3 12.gxf3 Nbd7 13.Rfe1 O-O-O 14.Bb5 
Kb7 15.Rab1 a6 16.Bd3 Ka7 17.Be7 Rde8 18.Bxf6 Nxf6 
19.c4 1-0

[Event "HCL-C213"]
[Site "www.playchess.de"]
[Date "2001.04.06"]
[Round "22"]
[White "arsenic"]
[Black "wael"]
[WhiteElo "1225"]
[BlackElo "1432"]
[PlyCount "26"]
[Result "0-1"]

1.e4 c5 2.c3 d5 3.exd5 Qxd5 4.d4 e6 5.Nf3 cxd4 
6.cxd4 Nf6 7.Nc3 Bb4 8.Bd2 Bxc3 9.bxc3 O-O 10.Be2 
b6 11.O-O Bb7 12.Bg5 Nbd7 13.c4 
Qf5 0-1

[Event "HCL-A097"]
[Site "www.playchess.de"]
[Date "2001.04.06"]
[Round "2"]
[White "THE-WARRIOR"]
[Black "Chapo"]
[WhiteElo "1314"]
[BlackElo "1984"]
[PlyCount "102"]
[Result "0-1"]

1.c4 c5 2.g3 Nf6 3.Bg2 e6 4.b3 Be7 5.e3 Nc6 6.Bb2 
O-O 7.Ne2 d5 8.d4 dxc4 9.bxc4 Qb6 10.Bc3 Rd8 
11.O-O cxd4 12.exd4 Qa6 13.Nd2 Na5 14.Qa4 b6 
15.Bxa5 Rb8 16.Rab1 Bd7 17.Qc2 Qxa5 18.Rfd1 Rbc8 
19.Rdc1 Ba3 20.Rcd1 Ba4 21.Nb3 Qa6 22.Qd3 Qxc4 
23.Qe3 Qc2 24.Nd2 Bb4 25.Ne4 Nd5 26.Qf3 Qxa2 
27.Rba1 Qb3 28.Qh5 Qxd1+ 29.Rxd1 Bxd1 30.Ng5 Bxe2 
31.Qxe2 Rc1+ 32.Bf1 h6 33.Nf3 Rdc8 34.Qb5 a5 
35.Ne5 Rd1 36.Qd7 Rf8 37.Nf3 Be7 38.Kg2 Rc1 39.Bd3 
Rd8 40.Qb5 Rdc8 41.Ne5 Bf6 42.Nf3 R1c6 43.Ne5 Bxe5 
44.dxe5 Nc3 45.Qb3 Rb8 46.Qc2 b5 47.Bh7+ Kh8 
48.Be4 Rc5 49.f4 b4 50.Bd3 b3 51.Qb2 
a4 0-1

[Event "HCL-C224"]
[Site "www.playchess.de"]
[Date "2001.04.06"]
[Round "30"]
[White "Brazil"]
[Black "ictus"]
[WhiteElo "1734"]
[BlackElo "1176"]
[PlyCount "35"]
[Result "1-0"]

1.Nf3 d5 2.c4 c6 3.g3 Nf6 4.b3 Bf5 5.Bg2 e6 6.Bb2 
Be7 7.O-O Nbd7 8.d4 O-O 9.Re1 Bb4 10.Bc3 Bxc3 
11.Nxc3 Re8 12.Nd2 c5 13.e3 cxd4 14.exd4 dxc4 
15.bxc4 Rb8 16.Nb5 a6 17.Nd6 Qc7 
18.Nxf5 1-0

[Event "HCL-C224"]
[Site "www.playchess.de"]
[Date "2001.04.06"]
[Round "31"]
[White "ictus"]
[Black "yaroslav"]
[WhiteElo "1176"]
[BlackElo "1109"]
[PlyCount "40"]
[Result "0-1"]

1.e4 e5 2.Nf3 c5 3.Nxe5 Qe7 4.d4 cxd4 5.Qxd4 Nc6 
6.Nxc6 bxc6 7.Be2 Bb7 8.O-O d5 9.Re1 Qxe4 10.Qxe4+ 
dxe4 11.Bf3 f5 12.Nc3 O-O-O 13.Be2 g6 14.Bg5 Be7 
15.Bxe7 Nxe7 16.Na4 Nd5 17.Nc5 Nb4 18.Rec1 Rd2 
19.Nxb7 Kxb7 20.Kf1 Rxc2 0-1

[Event "HCL-C224"]
[Site "www.playchess.de"]
[Date "2001.04.06"]
[Round "33"]
[White "ictus"]
[Black "Sirob11"]
[WhiteElo "1176"]
[BlackElo "999"]
[PlyCount "28"]
[Result "0-1"]

1.e4 e5 {Hello}  2.Nf3 Nc6 3.Bb5 Nf6 4.O-O Bc5 
5.Bxc6 bxc6 6.d3 Qe7 7.Nbd2 d5 8.Nb3 O-O 9.Nxc5 
Qxc5 10.Nxe5 d4 11.Nc4 Nxe4 12.Qf3 Ng5 13.Qg3 Ne6 
14.f4 f6 0-1

[Event "HCL-C224"]
[Site "www.playchess.de"]
[Date "2001.04.06"]
[Round "35"]
[White "ictus"]
[Black "DrNickRiviera"]
[WhiteElo "1176"]
[BlackElo "1074"]
[PlyCount "34"]
[Result "0-1"]

1.e4 c6 2.d4 d5 3.e5 e6 4.c4 Nh6 5.Bxh6 Bb4+ 6.Bd2 
Na6 7.Bxb4 Nxb4 8.cxd5 exd5 9.Nf3 Bf5 10.Na3 Qa5 
11.Qd2 c5 12.dxc5 Qxc5 13.Bb5+ Kd8 14.Rc1 Qe7 
15.O-O Be4 16.Qc3 Nxa2 17.Qc2 Bxc2 0-1

[Event "HCL-B228"]
[Site "www.playchess.de"]
[Date "2001.04.06"]
[Round "1"]
[White "victor"]
[Black "Arcant"]
[WhiteElo "1300"]
[BlackElo "1902"]
[PlyCount "38"]
[Result "0-1"]

1.e4 d6 {Hello-looking forward to a good game.}  
2.d4 Nf6 3.Nc3 Nbd7 4.Nf3 e5 5.d5 Be7 6.Bb5 O-O 
7.Bg5 Nxd5 8.Nxd5 Bxg5 9.Bxd7 Bxd7 10.Nxg5 Qxg5 
11.O-O Rac8 12.Ne3 Rfe8 13.Qf3 Kf8 14.Rad1 Re6 
15.c4 Rf6 16.Qg3 Qxg3 17.hxg3 c6 18.f4 Rd8 19.f5 
h5 0-1

[Event "HCL-E041"]
[Site "www.playchess.de"]
[Date "2001.04.06"]
[Round "3"]
[White "cazlab"]
[Black "SG42699"]
[WhiteElo "2100"]
[BlackElo "1950"]
[PlyCount "56"]
[Result "0-1"]

1.e4 e5 2.Nf3 Nc6 3.Bc4 Bc5 4.c3 Nf6 5.d4 exd4 
6.cxd4 Bb4+ 7.Nc3 Nxe4 8.O-O Bxc3 9.d5 Ne5 10.bxc3 
Nxc4 11.Qd4 O-O 12.Qxe4 b5 13.Re1 Bb7 14.a4 a6 
15.Nd4 Re8 16.Qxe8+ Qxe8 17.Rxe8+ Rxe8 18.Bf4 bxa4 
19.h3 d6 20.Rxa4 Bxd5 21.Rxa6 Re4 22.Nc6 h6 23.Nb4 
Be6 24.Bg3 Re1+ 25.Kh2 Nd2 26.Nc2 Nf1+ 27.Kg1 Rc1 
28.Ra1 Nxg3+ 0-1

[Event "HCL-B228"]
[Site "www.playchess.de"]
[Date "2001.04.06"]
[Round "4"]
[White "victor"]
[Black "xenium"]
[WhiteElo "1300"]
[BlackElo "1200"]
[PlyCount "30"]
[Result "0-1"]

1.e4 e5 2.Nf3 d6 3.d4 Nc6 4.dxe5 Nxe5 5.Nxe5 dxe5 
6.Qxd8+ Kxd8 7.Bc4 f5 8.exf5 Bxf5 9.Bd3 Bb4+ 10.c3 
e4 11.Bxe4 Bxe4 12.f3 Bxb1 13.Rxb1 Bd6 14.O-O Kd7 
15.Rd1 Re8 0-1

[Event "HCL-C229"]
[Site "www.playchess.de"]
[Date "2001.04.06"]
[Round "8"]
[White "Shahn"]
[Black "surak"]
[WhiteElo "1000"]
[BlackElo "1194"]
[PlyCount "25"]
[Result "1-0"]

1.e3 e6 2.Be2 d5 3.Nh3 Nf6 4.Bb5+ Bd7 5.Nc3 Bb4 
6.a4 Bxc3 7.bxc3 Bxb5 8.axb5 O-O 9.Ra4 Ne4 10.f3 
Nf6 11.Ba3 Re8 12.Rh4 Nbd7 13.f4 1-0

[Event "HCL-C229"]
[Site "www.playchess.de"]
[Date "2001.04.06"]
[Round "9"]
[White "surak"]
[Black "Wee_Doogie"]
[WhiteElo "1194"]
[BlackElo "1000"]
[PlyCount "58"]
[Result "0-1"]

1.e4 e5 2.Nf3 Nc6 3.Bb5 a6 4.Ba4 Nf6 5.Bxc6 dxc6 
6.d3 Qd6 7.Nbd2 Be6 8.Ng5 Be7 9.Nxe6 Qxe6 10.Nf3 
O-O 11.Bg5 Rfd8 12.O-O c5 13.Nh4 Nxe4 14.Bxe7 Qxe7 
15.Nf5 Qf6 16.Qg4 Nd6 17.Ne3 c6 18.f4 e4 19.Rad1 
Qxb2 20.dxe4 Nxe4 21.Nf5 Qf6 22.Rxd8+ Rxd8 23.Re1 
Nd6 24.Nxd6 Qxd6 25.Qf3 Qd5 26.Qxd5 cxd5 27.Kf2 
Kf8 28.g4 b5 29.Ke3 Re8+ 0-1

[Event "HCL-A101"]
[Site "www.playchess.de"]
[Date "2001.04.06"]
[Round "23"]
[White "Rifleman"]
[Black "markjburden"]
[WhiteElo "1497"]
[BlackElo "1367"]
[PlyCount "65"]
[Result "1-0"]

1.e4 {Have a good game.}  c5 {best of luck and 
thx}  2.Nf3 {:}  Nc6 3.d4 cxd4 4.Nxd4 e5 5.Nxc6 
bxc6 6.Bc4 Nf6 7.O-O Be7 8.Nc3 O-O 9.Bg5 Bb7 
10.Bxf6 Bxf6 11.Qd6 Rb8 12.Rad1 Bc8 13.Qxb8 Qb6 
14.Qxb6 axb6 15.Rd3 b5 16.Bb3 Rd8 17.Rfd1 Kf8 
18.Ne2 Ke7 19.Kf1 c5 20.c4 Ba6 21.cxb5 Bxb5 
22.R3d5 d6 23.a4 Bc6 24.a5 Bb5 {this is probably 
the wrong choice - as that passed "a" pawn is very 
dangerous}  25.Ke1 {Yea but you didn't take the 
rook.}  Ba6 {no - your bishop would have occupied 
d5 and i would have lost my rook at a8 eventually} 
 26.Nc3 {You defendwell}  g6 27.Ba4 Bg7 28.Nb5 {:} 
 Bxb5 {no real way i could have stopped that 
knight my black bishop is not a lot of use}  
29.Bxb5 {I noticed you were atempting to free it 
up .}  Bf8 {now i've two more problems - a5 and 
b2}  30.a6 {:}  Ke6 31.a7 f5 32.Bc6 fxe4 33.a8Q 
{%}  1-0

[Event "HCL-B230"]
[Site "www.playchess.de"]
[Date "2001.04.06"]
[Round "4"]
[White "sarx"]
[Black "Gregory"]
[WhiteElo "1500"]
[BlackElo "1500"]
[PlyCount "42"]
[Result "0-1"]

1.e4 Nc6 2.d4 d5 3.exd5 Qxd5 4.Nf3 Bg4 5.Be2 O-O-O 
6.c3 e5 7.dxe5 Nxe5 8.Qxd5 Rxd5 9.Nxe5 Rxe5 10.Be3 
Nf6 11.Bxg4+ Nxg4 12.Kd2 Nxe3 13.fxe3 Bc5 14.Re1 
Rhe8 15.e4 R5xe4 16.Rxe4 Rxe4 17.Na3 Bxa3 18.bxa3 
Ra4 19.Rf1 f6 20.Re1 Kd7 21.Kc2 
Rxa3 0-1

[Event "HCL-B229"]
[Site "www.playchess.de"]
[Date "2001.04.06"]
[Round "1"]
[White "serpens"]
[Black "German04"]
[WhiteElo "1168"]
[BlackElo "1198"]
[PlyCount "44"]
[Result "0-1"]

1.e4 e5 2.Nf3 Nc6 3.Bb5 Bd6 4.d4 exd4 5.Bxc6 dxc6 
6.Qxd4 Qf6 7.Qxf6 Nxf6 8.e5 Bb4+ 9.c3 Bxc3+ 
10.Nxc3 Nd5 11.Bd2 Bf5 12.O-O O-O-O 13.Ng5 Bg6 
14.Nxf7 Bxf7 15.Rfe1 Nb4 16.Bg5 Rd3 17.e6 Bg6 
18.e7 Nc2 19.Rac1 Nxe1 20.Rxe1 h6 21.Bh4 Re8 
22.Re6 Bf7 0-1

[Event "HCL-B229"]
[Site "www.playchess.de"]
[Date "2001.04.06"]
[Round "2"]
[White "Michael"]
[Black "serpens"]
[WhiteElo "929"]
[BlackElo "1168"]
[PlyCount "23"]
[Result "1-0"]

1.d4 e6 2.e4 d5 3.e5 c5 4.Nf3 cxd4 5.Nxd4 Bd7 
6.Bb5 Qa5+ 7.Nc3 Nc6 8.Nb3 Qb6 9.Be3 Qc7 10.f4 Bb4 
11.a3 Bxc3+ 12.bxc3 1-0

[Event "ACL-A112"]
[Site "www.playchess.de"]
[Date "2001.04.06"]
[Round "10"]
[White "ulibear"]
[Black "BaseballFan"]
[WhiteElo "1501"]
[BlackElo "1500"]
[PlyCount "36"]
[Result "0-1"]

1.d4 Nf6 2.c4 {from baseball hitting to chess 
moving??          hitting}  g6 3.Nc3 Bg7 4.e4 d6 
5.f3 O-O 6.Be3 Nfd7 7.Bd3 c5 8.Nge2 Nc6 9.O-O cxd4 
10.Nxd4 Nxd4 11.Rb1 Nc5 12.Nd5 e6 13.Nb4 f5 
14.exf5 Nxd3 15.Nxd3 Nxf5 16.Bf2 b6 17.Re1 {i hope 
you do not mind me giving up soon ...}  Qf6 {Not 
at all....!}  18.b3 Bb7 0-1

[Event "HCL-B229"]
[Site "www.playchess.de"]
[Date "2001.04.06"]
[Round "4"]
[White "serpens"]
[Black "vijal"]
[WhiteElo "1168"]
[BlackElo "1500"]
[PlyCount "34"]
[Result "0-1"]

1.e4 e5 2.Nf3 Nc6 3.Bb5 Nf6 4.O-O Bc5 5.Bxc6 dxc6 
6.d3 h6 7.Nxe5 O-O 8.Nd2 Be6 9.Ndc4 Bxc4 10.Nxc4 
Bb6 11.Nxb6 cxb6 12.Bd2 Qe7 13.f4 Rad8 14.e5 Nd5 
15.c4 Nb4 16.Bxb4 c5 17.Bc3 a6 0-1

[Event "HCL-E041"]
[Site "www.playchess.de"]
[Date "2001.04.06"]
[Round "8"]
[White "cazlab"]
[Black "DKCozy"]
[WhiteElo "2100"]
[BlackElo "1718"]
[PlyCount "65"]
[Result "1-0"]

1.d4 d5 2.Nf3 Nc6 3.Bf4 Bg4 4.e3 f6 5.Bb5 Qd7 
6.Nbd2 a6 7.Be2 g5 8.Bg3 h5 9.h4 Bxf3 10.Bxf3 g4 
11.Be2 Nh6 12.c4 Nf5 13.Bf4 e5 14.dxe5 fxe5 15.Bg5 
d4 16.exd4 Nfxd4 17.O-O Be7 18.Ne4 O-O-O 19.a3 
Nxe2+ 20.Qxe2 Bxg5 21.Nxg5 Rde8 22.b4 Nd4 23.Qe4 
Rhf8 24.Rad1 Rf4 25.Qe3 Qd6 26.g3 Rf3 27.Nxf3 
Nxf3+ 28.Kg2 Qc6 29.Rd5 Re6 30.Rfd1 b6 31.Qe4 Kb7 
32.b5 axb5 33.cxb5 1-0

[Event "ACL-A112"]
[Site "www.playchess.de"]
[Date "2001.04.06"]
[Round "18"]
[White "daniela"]
[Black "flywheel"]
[WhiteElo "1454"]
[BlackElo "1500"]
[PlyCount "24"]
[Result "0-1"]

1.e4 {Hello, I wish us an interesting game and 
fun.}  e5 {Hello from Fort Dodge, Iowa}  2.f4 {I'm 
from Frankfurt(Oder), in the east of Germany.}  
exf4 {Cool, I have spent alot of time surfing on 
German servers.}  3.Nf3 {Do you speak german?}  
Bb4 {No, English}  4.c3 {I couldn't play chess 
since some days. What about you?}  Ba5 {yes, I 
couldn't play for awhile. Server problems}  5.d4 
{Now I know it also, but at first I thought I have 
trouble with my computer.}  d5 6.Qa4+ c6 7.exd5 
Qxd5 8.Bc4 Qe4+ 9.Kf2 Qf5 10.Ne5 Be6 11.Bxe6 Qxe6 
12.Qxa5 b6 0-1

[Event "ACL-E007"]
[Site "www.playchess.de"]
[Date "2001.04.06"]
[Round "15"]
[White "Al-azmi"]
[Black "Deppenhaufen"]
[WhiteElo "2086"]
[BlackElo "2137"]
[PlyCount "76"]
[Result "1/2-1/2"]

1.d4 Nf6 2.c4 e6 3.Nf3 b6 4.g3 Bb7 5.Bg2 Be7 6.O-O 
O-O 7.Nc3 Ne4 8.Qc2 Nxc3 9.Qxc3 c5 10.Rd1 d6 11.b3 
Bf6 12.Qd3 Nc6 13.Bb2 cxd4 14.Nxd4 Ne5 15.Qd2 Bxg2 
16.Kxg2 d5 17.cxd5 Qxd5+ 18.Nf3 Qxd2 19.Rxd2 Nxf3 
20.Kxf3 Bxb2 21.Rxb2 Rfd8 22.Rc1 Rd7 23.Rbc2 Kf8 
24.a4 Ke7 25.Ke4 Rad8 26.R2c7 h6 27.h4 h5 28.f3 g6 
29.g4 f6 30.gxh5 gxh5 31.b4 Rg8 32.a5 Rg2 33.Ke3 
Rh2 34.axb6 axb6 35.R7c6 Rd6 36.R6c7+ Rd7 37.R7c6 
Rd6 38.R6c7+ {draw?}  Rd7 {yes} 
 1/2-1/2

[Event "HCL-B229"]
[Site "www.playchess.de"]
[Date "2001.04.06"]
[Round "29"]
[White "Lycanth"]
[Black "serpens"]
[WhiteElo "1200"]
[BlackElo "1168"]
[PlyCount "33"]
[Result "1-0"]

1.e4 {Hi !}  e6 2.d4 d5 3.Nd2 dxe4 4.Nxe4 Qd5 
5.Bd3 Nf6 6.Nxf6+ gxf6 7.Bf4 Qxg2 8.Qf3 Qxf3 
9.Nxf3 Bd6 10.Bg3 Bd7 11.O-O-O Nc6 12.Bh4 Be7 
13.Rhg1 O-O-O 14.Rg7 h5 15.Rxf7 f5 16.Bxe7 Nxe7 
17.Rxe7 1-0

[Event "HCL-C222"]
[Site "www.playchess.de"]
[Date "2001.04.06"]
[Round "12"]
[White "Burra"]
[Black "ictus"]
[WhiteElo "1000"]
[BlackElo "1176"]
[PlyCount "35"]
[Result "1-0"]

1.d4 e6 2.c4 Nf6 3.Nf3 b6 4.Nc3 Bb7 5.a3 d5 6.e3 
c5 7.b3 Be7 8.Bb2 O-O 9.Qc2 dxc4 10.dxc5 cxb3 
11.Qxb3 Bxf3 12.gxf3 Bxc5 13.Ne4 Nxe4 14.fxe4 Nc6 
15.h4 Qd7 16.Rd1 Qe7 17.Qa4 Na5 
18.e5 1-0

[Event "HCL-B231"]
[Site "www.playchess.de"]
[Date "2001.04.06"]
[Round "5"]
[White "ambidia"]
[Black "victor"]
[WhiteElo "1500"]
[BlackElo "1296"]
[PlyCount "29"]
[Result "1-0"]

1.e4 e6 2.d4 d5 3.Nc3 Bb4 4.e5 c5 5.a3 Ba5 6.Qg4 
Ne7 7.Bd3 cxd4 8.Qxd4 Nf5 9.Bxf5 exf5 10.b4 Bb6 
11.Qxd5 Qxd5 12.Nxd5 Nc6 13.Nxb6 axb6 14.f4 Be6 
15.Bb2 1-0

[Event "HCL-C228"]
[Site "www.playchess.de"]
[Date "2001.04.06"]
[Round "11"]
[White "surak"]
[Black "guigao"]
[WhiteElo "1180"]
[BlackElo "1360"]
[PlyCount "38"]
[Result "0-1"]

1.e4 c5 2.c3 Nc6 3.Bb5 a6 4.Bxc6 bxc6 5.Nf3 e6 
6.O-O Nf6 7.Na3 Nxe4 8.Re1 Nf6 9.Nc4 Qc7 10.d4 d5 
11.Nce5 h6 12.Bf4 Bd6 13.Qd2 Ne4 14.Qd3 f6 15.Ng6 
Rg8 16.Bxd6 Qxd6 17.Rad1 Kf7 18.Nfh4 a5 19.f3 
Ng5 0-1

[Event "HCL-C235"]
[Site "www.playchess.de"]
[Date "2001.04.06"]
[Round "2"]
[White "guigao"]
[Black "surak"]
[WhiteElo "1360"]
[BlackElo "1194"]
[PlyCount "41"]
[Result "1-0"]

1.e4 e6 2.d4 d5 3.e5 c5 4.c3 Bd7 5.Nf3 Qb6 6.Qc2 
Bb5 7.Be2 Bxe2 8.Qxe2 Qa6 9.Qxa6 Nxa6 10.O-O cxd4 
11.cxd4 Nb4 12.Nc3 Ne7 13.Be3 Nc2 14.Rac1 Nxe3 
15.fxe3 Nf5 16.Nb5 Ke7 17.Rc7+ Ke8 18.Rxb7 Nxe3 
19.Nc7+ Kd8 20.Nxa8 Nxf1 21.Kxf1 1-0

[Event "HCL-C236"]
[Site "www.playchess.de"]
[Date "2001.04.06"]
[Round "1"]
[White "sarek"]
[Black "guigao"]
[WhiteElo "1116"]
[BlackElo "1360"]
[PlyCount "40"]
[Result "0-1"]

1.e4 e5 2.Nf3 Nc6 3.Bb5 a6 4.Ba4 Nf6 5.Bxc6 dxc6 
6.d3 Bg4 7.Nbd2 Bc5 8.h3 Bxf3 9.Nxf3 Qe7 10.Bg5 h6 
11.Bh4 O-O-O 12.O-O g5 13.Bg3 Nxe4 14.Nxe5 Nxg3 
15.Re1 Qf6 16.Nf3 h5 17.d4 g4 18.fxg3 gxf3 19.Qxf3 
Bxd4+ 20.Kh1 Bxb2 0-1

[Event "HCL-C235"]
[Site "www.playchess.de"]
[Date "2001.04.06"]
[Round "4"]
[White "surak"]
[Black "Stephen21"]
[WhiteElo "1194"]
[BlackElo "1180"]
[PlyCount "40"]
[Result "0-1"]

1.e4 e5 2.Nf3 Nc6 3.Bb5 Qe7 4.O-O Qc5 5.Nc3 Nf6 
6.Bxc6 Qxc6 7.Nxe5 Qe6 8.Nf3 Bb4 9.Re1 O-O 10.e5 
b6 11.exf6 Qxf6 12.d3 Bb7 13.Ne4 Bxe4 14.Rxe4 a5 
15.c3 Bd6 16.Bg5 Qf5 17.Be7 Rfe8 18.Bxd6 cxd6 
19.Rxe8+ Rxe8 20.Qd2 d5 0-1

[Event "HCL-B215"]
[Site "www.playchess.de"]
[Date "2001.04.06"]
[Round "16"]
[White "terrydean"]
[Black "victor"]
[WhiteElo "1341"]
[BlackElo "1300"]
[PlyCount "41"]
[Result "1-0"]

1.e4 {Good Luck}  e6 2.d4 d5 3.e5 c5 4.c3 Bd7 
5.Bd3 Qb6 6.Nf3 Bb5 7.O-O Bxd3 8.Qxd3 Qa6 9.Qxa6 
Nxa6 10.Bd2 cxd4 11.cxd4 Ne7 12.a3 Nf5 13.Rc1 Be7 
14.b4 O-O 15.b5 Nb8 16.Rc7 b6 17.Nc3 f6 18.g4 Bd8 
19.Rb7 Rf7 20.Rxf7 Kxf7 21.gxf5 1-0

[Event "HCL-B236"]
[Site "www.playchess.de"]
[Date "2001.04.06"]
[Round "1"]
[White "victor"]
[Black "hassell"]
[WhiteElo "1298"]
[BlackElo "1685"]
[PlyCount "32"]
[Result "0-1"]

1.e4 e5 2.Nf3 Nc6 3.Bb5 a6 4.Ba4 Nf6 {Kumusta ka}  
5.O-O {How did you learn Filipino?}  Be7 {Ang 
asawa ko ay pilipina}  6.Bxc6 dxc6 {Umuuwi kami sa 
Pilipinas taon-taon.}  7.d3 Nd7 {I learnt Tagalog 
from my wife and books}  8.Nbd2 O-O 9.Nc4 {.}  f6 
10.Nh4 {How did you meeet your wife?}  Nc5 {She 
came to the UK in the late 70's.  We met about 10 
years ago.}  11.Ne3 g6 12.Nc4 f5 13.Nf3 {.}  fxe4 
14.Nfxe5 exd3 15.cxd3 Ne6 16.Bh6 
Rf5 0-1

[Event "HCL-B236"]
[Site "www.playchess.de"]
[Date "2001.04.06"]
[Round "7"]
[White "Zembla"]
[Black "victor"]
[WhiteElo "1500"]
[BlackElo "1298"]
[PlyCount "31"]
[Result "1-0"]

1.f4 {Hi and good luck!}  d5 2.b3 Nf6 3.e3 g6 
4.Bb2 Bg7 5.Nf3 Bg4 6.Be2 O-O 7.O-O c5 8.d3 Nc6 
9.Nbd2 Re8 10.Ne5 Bxe2 11.Qxe2 Nxe5 12.Bxe5 Rc8 
13.Nf3 Ng4 14.Bxg7 Kxg7 15.h3 Nh6 
16.Ne5 1-0

[Event "HCL-C236"]
[Site "www.playchess.de"]
[Date "2001.04.06"]
[Round "4"]
[White "sarek"]
[Black "TRIPLE_H"]
[WhiteElo "1116"]
[BlackElo "793"]
[PlyCount "24"]
[Result "1/2-1/2"]

1.e4 c5 2.c3 d6 3.d4 cxd4 4.cxd4 Nf6 5.Nc3 g6 
6.Bg5 Bg7 7.e5 dxe5 8.dxe5 Qxd1+ 9.Rxd1 Nfd7 10.f4 
e6 11.Bb5 O-O 12.Nf3 a6 1/2-1/2

[Event "HCL-C228"]
[Site "www.playchess.de"]
[Date "2001.04.06"]
[Round "29"]
[White "Yurispb"]
[Black "surak"]
[WhiteElo "1000"]
[BlackElo "1180"]
[PlyCount "43"]
[Result "1-0"]

1.e4 e6 2.d4 d5 3.Nd2 dxe4 4.Nxe4 Qd5 5.Ng3 Nf6 
6.Nf3 Bd6 7.c4 Qa5+ 8.Bd2 Bb4 9.Bd3 Bxd2+ 10.Qxd2 
Qxd2+ 11.Kxd2 b6 12.Rhe1 Ng4 13.Be4 c6 14.Nf5 O-O 
15.Ne7+ Kh8 16.Nxc8 Rxc8 17.Ng5 g6 18.Nxf7+ Kg7 
19.Ng5 Nxf2 20.Nxe6+ Kh8 21.Bf3 Na6 
22.Re2 1-0